Indian politics in comparative perspective (Record no. 395167)

MARC details
000 -LEADER
fixed length control field 00538nam a22001937a 4500
005 - DATE & TIME
control field 20260130160703.0
008 - FIXED-LENGTH DATA ELEMENTS--GENERAL INFORMATION
fixed length control field 260129b |||||||| |||| 00| 0 eng d
020 ## - ISBN
International Standard Book Number 9789369677306
Price Rs. 4595.00
040 ## - CATALOGING SOURCE
Original cataloging agency VIVEKANANDA LIBRARY
082 ## - DDC NUMBER
Classification number 320.954
Book Number J199I
100 ## - MAIN ENTRY--PERSONAL NAME
Personal name Jaiswal, Piyush Kumar
245 ## - TITLE STATEMENT
Title Indian politics in comparative perspective
260 ## - PUBLICATION, DISTRIBUTION, ETC. (IMPRINT)
Name of publisher, distributor, etc Scientific Books International
Date of publication, distribution, etc 2026
Place of publication, distribution, etc New Delhi
300 ## - PHYSICAL DESCRIPTION
Pages v, 262
650 ## - Subject
Subject Political Science
650 ## - Subject
Subject Indian Politics
650 ## - Subject
Subject Political Economy
942 ## - ADDED ENTRY ELEMENTS (KOHA)
Koha item type Books
Holdings
Withdrawn status Lost status Source of classification or shelving scheme Damaged status Not for loan Location (home branch) Sublocation or collection (holding branch) Shelving location Date acquired Koha issues (times borrowed) Koha full call number Accession No. Koha date last seen Koha item type
    Dewey Decimal Classification     VIVEKANANDA LIBRARY VIVEKANANDA LIBRARY Vivekananda Library 07/01/2026 1 320.954 J199I 443962 14/04/2026 Books
© Designed and Maintained by Vivekananda Library, MDU Rohtak